Codename SICILYWAR: Archaeology, Museums, and Social Networks under Threat in Sicily during World War II
محفوظ في:
المؤلف الرئيسي:
التنسيق: كتاب
منشور في:
Oxford
Archaeopress Publishing Ltd
2025
الوسوم: إضافة وسم
لا توجد وسوم, كن أول من يضع وسما على هذه التسجيلة!
رقم الطلب:
| LEADER | 00695namaa2200169 4500 | ||
|---|---|---|---|
| 001 | 9781803278636 | ||
| 003 | UkOxAP | ||
| 005 | 20260405155018.0 | ||
| 020 | |a 9781803278643 | ||
| 776 | 1 | |x 9781803278636 | |
| 245 | 0 | 0 | |a Codename SICILYWAR: Archaeology, Museums, and Social Networks under Threat in Sicily during World War II |
| 100 | 1 | |a Crisà, Antonino |e Author |l English | |
| 856 | 4 | 2 | |a http://library.arce.org:8087/Archaeopress/Products/9781803278643 |
| 260 | |a Oxford |b Archaeopress Publishing Ltd |c 2025 | ||
| 270 | |a Archaeopress Publishing Ltd, Summertown Pavillion, 18 -24 Middle Way, Summertown |b Oxford |d United Kingdom |e OX2 7LG |k 44-1865-311914 |m info@archaeopress.com | ||
| 942 | |2 lcc |c EBOOK | ||
| 999 | |c 62120 |d 62120 | ||
